000
00307nam a22001217a 4500
082
_a
668.4 KIN'E
100
_a
KINNEY, G. F
_9
78369
245
_a
ENGINEERING PROPERTIES AND APPLICATION OF PLASTICS
260
_a
NEWYORK
_b
JOHN WILEY
_c
1964
300
_a
VII, 278P
650
_a
PLASTICS
_9
35927
942
_c
BK
999
_c
583501
_d
583501